Managerial Economics/ (Record no. 36355)

MARC details
000 -LEADER
fixed length control field 00537nam a22001937a 4500
005 - DATE AND TIME OF LATEST TRANSACTION
control field 20240809111638.0
008 - FIXED-LENGTH DATA ELEMENTS--GENERAL INFORMATION
fixed length control field 240809b |||||||| |||| 00| 0 eng d
020 ## - INTERNATIONAL STANDARD BOOK NUMBER
ISBN 81-7808-530-5
082 ## - DEWEY DECIMAL CLASSIFICATION NUMBER
Classification number 338.5024
Item number PET-M
100 ## - MAIN ENTRY--AUTHOR
Author Name Petersen, Craige.H
245 ## - TITLE STATEMENT
Title Managerial Economics/
Statement of responsibility, etc. H. Craige Petersen
250 ## - EDITION STATEMENT
Edition statement 4th ed.
260 ## - PUBLICATION, DISTRIBUTION, ETC.
Place of Publication India;
Name of publisher, distributor, etc. Pearson Education;
Date of publication, distribution, etc. 2004.
300 ## - PHYSICAL DESCRIPTION
Pages xvi, 672 p.:
500 ## - GENERAL NOTE
General note Includes index.
650 ## - SUBJECT ADDED ENTRY--TOPICAL TERM
Subject / Department Social Sciences/Economics
700 ## - ADDED ENTRY--PERSONAL NAME
Personal name W.Cris Lewis
300 ## - PHYSICAL DESCRIPTION
-- ill.;
-- 24.5 cm.
952 ## - LOCATION AND ITEM INFORMATION (KOHA)
-- 0
-- 0
Holdings
Lost status Damaged status Collection code Permanent Location Current Location Shelving Location Date acquired Full Call Number Accession No./Barcode Date last seen item type Koha item type
    Economics/Commerce Superior Information Resource Center (SIRC) Superior University - City Campus Superior Information Resource Center (SIRC) Superior University - City Campus Economics 08/09/2024 338.5024 PET-M 2004 2638 08/09/2024 BOOK BOOK

Powered by Koha